000 01662nam0a2200397 4500
001 RU\NLR\bibl\1798660
005 20250616145427.0
010 _a987-5-373-04060-0
_93000
021 _aRU
_b2011-54488
_93883
035 _a(NLR Aleph) 001789336
090 _a1747327
_c1747327
100 _a20110815d2011 |||y0rusy50 ca
101 0 _arus
102 _aRU
105 _ay |||||||||
200 1 _aБерезовский & Абрамович. Олигархи с большой дороги
_fА. Хинштейн
210 _aМосква
_cОЛМА Медиа Групп
_d2011
215 _a666, [3] с.
_d22
300 _aЗагл. обл.: Березовский и Абрамович/ Александр Хинштейн
320 _aБиблиогр.: с. 665-667
512 1 _6z20790
_aБерезовский и Абрамович
600 1 _aБерезовский
_bБ.А.
_f1946 - 2013
_gБорис Абрамович
_92203127
_3RU\NLR\auth\661323802
600 1 _aАбрамович
_bР.А.
_f1966
_gРоман Аркадьевич
_92454843
_3RU\NLR\auth\661459250
686 _aТ3(2)74-31
686 _aУ9(2)-13(2Р)д
700 1 _aХинштейн
_bА. Е.
_gАлександр Евсеевич
_4070
702 1 _aБерезовский
_bБ. А.
_f1946-
_gБорис Абрамович
_4570
702 1 _aАбрамович
_bР. А.
_f1966-
_gРоман Аркадьевич
_4570
790 1 _6z20512
_aХинштейн
_bА. Е
_gАлександр Евсеевич
_4070
801 0 _aRU
_bNLR
_c20110815
_gRCR
801 1 _aRU
_bNLR
_c20110815
830 _aпо кн
942 _cBOOK
980 _aNB
980 _aNBR